| 000 | 00485pam a2200193 a 4500 | ||
|---|---|---|---|
| 020 |
_a0750687851 _c2718.37 |
||
| 041 |
_aeng _hNULL |
||
| 082 |
_a617.3 _bCAR/HAM |
||
| 100 | _aCARR, A . | ||
| 245 |
_aORTHOPAEDICS IN PRIMARY CARE / _cNULL. _hTextual Documents |
||
| 250 |
_a2 / _b. |
||
| 260 |
_aNULL : _bELSEVIER , _c2005. |
||
| 300 |
_a189 : _bix ; _cNULL . |
||
| 365 | _a2718.37 | ||
| 700 | _aHAMILTON , W . | ||
| 930 | _a809 | ||
| 999 |
_c795345 _d795345 |
||
| 650 | _aORTHO | ||